00808 2200181 4500245002900000020002200029250001100051100001200062700001000074650001700084005001900101260003100120041001400151084001100165300002300176500041800199336000900617 aIPA & IPScChacaiihText a978-602-6940-12-4 aCet. 1 aChacaii aPutri aNovel Remaja a20240126082051 aDepokbCoconut Booksc2017 aIndonesia a808.83 a336 hlm. :c19 cm. aPada dasarnya, sifat anak IPA dan anak IPS berbeda drastis. Karena itu, mereka tidak pernah akur. Mau sama kakak kelas atau pun satu angkatan sama aja, kayak kucing sama anjing. Tapi berbeda dengan yang terjadi dengan Michele dan Rifqi. Michele, anak IPA yang terlibat kisah cinta dengan Rifqi yang notabene adalah siswa dari jurusan IPS. Kisah mereka berawal dari sebuah hukuman yang justru mempersatukan mereka. atext